Poslední trendy ve světovém vývoji derivátů
Vývoj na svetovom trhu derivátov. Burzové deriváty. Rozdielny regionálny vývoj (USA, Európa, Ázia). Umiestnenie významných svetových derivátových búrz a ich spolupráca. OTC deriváty. Prednosť derivátových búrz pred derivátovými trhmi OTC - obmedzenie úverového rizika.
Uložené v:
| Hlavný autor: | |
|---|---|
| Médium: | Kapitola |
| Jazyk: | Czech |
| Predmet: | |
| Tagy: |
Žiadne tagy, Buďte prvý, kto otaguje tento záznam!
|
MARC
| LEADER | 00000naa a2200000 4500 | ||
|---|---|---|---|
| 001 | r028039 | ||
| 005 | 20230908085841.0 | ||
| 041 | 0 | |a cze | |
| 044 | |a CZ | ||
| 245 | 1 | 0 | |a Poslední trendy ve světovém vývoji derivátů |c J. Jílek |
| 520 | |a Vývoj na svetovom trhu derivátov. Burzové deriváty. Rozdielny regionálny vývoj (USA, Európa, Ázia). Umiestnenie významných svetových derivátových búrz a ich spolupráca. OTC deriváty. Prednosť derivátových búrz pred derivátovými trhmi OTC - obmedzenie úverového rizika. | ||
| 610 | 2 | 0 | |a trh kapitálový |
| 610 | 2 | 0 | |a deriváty |
| 610 | 2 | 0 | |a OTC |
| 610 | 2 | 0 | |a burzy |
| 610 | 2 | 0 | |a pojmy |
| 610 | 2 | 0 | |a riziko |
| 610 | 2 | 0 | |a úver |
| 100 | 1 | |a Jílek, Josef | |